Encyclopedia of Banking and Finance

Saved in:
Bibliographic Details
Main Author: Woelfel, Charles J.
Format: Book
Language:English
Published: Chicago Probus Publ. Co. 1994
Edition:10. ed.
Series:<A> Bankline Publication
Subjects:
Tags: Add Tag
No Tags, Be the first to tag this record!

MARC

LEADER 00000nam a2200000 4500
001 c014273
005 20221214074249.7
020 |a 1-55738-396-0 
041 0 |a eng 
044 |a US 
245 1 0 |a Encyclopedia of Banking and Finance  |c Charles J. Woelfel 
250 |a 10. ed. 
264 1 |a Chicago  |b Probus Publ. Co.  |c 1994 
300 |a 1219 s. 
490 1 |a <A> Bankline Publication 
830 0 |a <A> Bankline Publication 
610 2 0 |a financie 
610 2 0 |a bankovníctvo 
100 1 |a Woelfel, Charles J.